|
|
|
|
| LEADER |
03302nam a22004815i 4500 |
| 001 |
978-3-642-31824-5 |
| 003 |
DE-He213 |
| 005 |
20151116133756.0 |
| 007 |
cr nn 008mamaa |
| 008 |
120813s2012 gw | s |||| 0|eng d |
| 020 |
|
|
|a 9783642318245
|9 978-3-642-31824-5
|
| 024 |
7 |
|
|a 10.1007/978-3-642-31824-5
|2 doi
|
| 040 |
|
|
|d GrThAP
|
| 050 |
|
4 |
|a QD415-436
|
| 072 |
|
7 |
|a PNN
|2 bicssc
|
| 072 |
|
7 |
|a SCI013040
|2 bisacsh
|
| 082 |
0 |
4 |
|a 547
|2 23
|
| 245 |
1 |
0 |
|a Stereoselective Alkene Synthesis
|h [electronic resource] /
|c edited by Jianbo Wang.
|
| 264 |
|
1 |
|a Berlin, Heidelberg :
|b Springer Berlin Heidelberg :
|b Imprint: Springer,
|c 2012.
|
| 300 |
|
|
|a VIII, 276 p.
|b online resource.
|
| 336 |
|
|
|a text
|b txt
|2 rdacontent
|
| 337 |
|
|
|a computer
|b c
|2 rdamedia
|
| 338 |
|
|
|a online resource
|b cr
|2 rdacarrier
|
| 347 |
|
|
|a text file
|b PDF
|2 rda
|
| 490 |
1 |
|
|a Topics in Current Chemistry,
|x 0340-1022 ;
|v 327
|
| 505 |
0 |
|
|a Stereoselective Synthesis of Tetrasubstituted Alkenes via Torquoselectivity-Controlled Olefination of Carbonyl Compounds with Ynolates, by Mitsuru Shindo and Kenji Matsumoto -- Stereoselective Synthesis of Z-Alkenes, by Woon-Yew Siau, Yao Zhang and Yu Zhao -- Stereoselective Synthesis of Mono-fluoroalkenes, by Shoji Hara -- Recent Advances in Stereoselective Synthesis of 1,3-Dienes, by Michael De Paolis, Isabelle Chataigner and Jacques Maddaluno -- Selective Olefination of Carbonyl Compounds via Metal-Catalyzed Carbene Transfer from Diazo Reagents, by Yang Hu and X. Peter Zhang -- Selective Alkene Metathesis in the Total Synthesis of Complex Natural Product, by Xiaoguang Lei and Houhua Li -- Olefination Reactions of Phosphorus-Stabilized Carbon Nucleophiles, by Yonghong Gu and Shi-Kai Tian -- Alkene Synthesis Through Transition Metal-Catalyzed Cross-Coupling of N-Tosylhydrazones, by Yan Zhang and Jianbo Wang.
|
| 520 |
|
|
|a M. Shindo K. Matsumoto Stereoselective Synthesis of Tetrasubstituted Alkenes via Torquoselectivity-Controlled Olefination of Carbonyl Compounds with Ynolates W.-Y. Siau Y. Zhang Y. Zhao Stereoselective Synthesis of Z-Alkenes S. Hara.- Stereoselective Synthesis of Mono-fluoroalkenes M. De Paolis I. Chataigner J. Maddaluno Recent Advances in Stereoselective Synthesis of 1,3-Dienes Y. Hu X. Peter Zhang Selective Olefination of Carbonyl Compounds via Metal-Catalyzed Carbene Transfer from Diazo Reagents X. Lei H. Li Selective Alkene Metathesis in the Total Synthesis of Complex Natural Product Y. Gu S.-K. Tian Olefination Reactions of Phosphorus-Stabilized Carbon Nucleophiles Y. Zhang J. Wang Alkene Synthesis Through Transition Metal-Catalyzed Cross-Coupling of N-Tosylhydrazones.
|
| 650 |
|
0 |
|a Chemistry.
|
| 650 |
|
0 |
|a Organic chemistry.
|
| 650 |
|
0 |
|a Chemical engineering.
|
| 650 |
|
0 |
|a Catalysis.
|
| 650 |
1 |
4 |
|a Chemistry.
|
| 650 |
2 |
4 |
|a Organic Chemistry.
|
| 650 |
2 |
4 |
|a Catalysis.
|
| 650 |
2 |
4 |
|a Industrial Chemistry/Chemical Engineering.
|
| 700 |
1 |
|
|a Wang, Jianbo.
|e editor.
|
| 710 |
2 |
|
|a SpringerLink (Online service)
|
| 773 |
0 |
|
|t Springer eBooks
|
| 776 |
0 |
8 |
|i Printed edition:
|z 9783642318238
|
| 830 |
|
0 |
|a Topics in Current Chemistry,
|x 0340-1022 ;
|v 327
|
| 856 |
4 |
0 |
|u http://dx.doi.org/10.1007/978-3-642-31824-5
|z Full Text via HEAL-Link
|
| 912 |
|
|
|a ZDB-2-CMS
|
| 950 |
|
|
|a Chemistry and Materials Science (Springer-11644)
|